A sociolinguistic study of Wakhi language of Northern Pakistan / (Record no. 234433)
[ view plain ]
| 000 -LEADER | |
|---|---|
| fixed length control field | 01687cam a2200361 i 4500 |
| 001 - CONTROL NUMBER | |
| control field | 18313740 |
| 003 - CONTROL NUMBER IDENTIFIER | |
| control field | 0 |
| 005 - DATE AND TIME OF LATEST TRANSACTION | |
| control field | 20180117085946.0 |
| 008 - FIXED-LENGTH DATA ELEMENTS--GENERAL INFORMATION | |
| fixed length control field | 140923s2014 pk b 000 0 eng |
| 010 ## - LIBRARY OF CONGRESS CONTROL NUMBER | |
| LC control number | 2014363254 |
| 020 ## - INTERNATIONAL STANDARD BOOK NUMBER | |
| International Standard Book Number | 9789698535230 |
| 025 ## - OVERSEAS ACQUISITION NUMBER | |
| Overseas acquisition number | P-E-2014363254; 12 |
| 037 ## - SOURCE OF ACQUISITION | |
| Source of stock number/acquisition | Library of Congress -- Islamabad Overseas Office |
| Terms of availability | Rs 400 |
| 040 ## - CATALOGING SOURCE | |
| Original cataloging agency | DLC |
| Language of cataloging | eng |
| Transcribing agency | DLC |
| Description conventions | rda |
| 042 ## - AUTHENTICATION CODE | |
| Authentication code | lcode |
| -- | pcc |
| 043 ## - GEOGRAPHIC AREA CODE | |
| Geographic area code | a-pk--- |
| 050 00 - LIBRARY OF CONGRESS CALL NUMBER | |
| Classification number | PK6996.W3 |
| Item number | M35 2014 |
| 082 ## - DEWEY DECIMAL CLASSIFICATION NUMBER | |
| Edition number | 306.44,SHA |
| 100 1# - MAIN ENTRY--PERSONAL NAME | |
| Personal name | Malik, Nadeem Shafiq, |
| Relator term | author. |
| 245 12 - TITLE STATEMENT | |
| Title | A sociolinguistic study of Wakhi language of Northern Pakistan / |
| Statement of responsibility, etc. | Nadeem Shafiq Malik. |
| 300 ## - PHYSICAL DESCRIPTION | |
| Extent | x, 222 pages ; |
| Dimensions | 22 cm |
| 504 ## - BIBLIOGRAPHY, ETC. NOTE | |
| Bibliography, etc. note | Includes bibliographical references (pages 207-222). |
| 505 ## - FORMATTED CONTENTS NOTE | |
| Formatted contents note | linguistic diversity of northern Pakistan(Page-01) Wakhan: The Homeland of Wakhi Community (Page-15) Wakhi Community settlement in Northern Pakistan(Page-25) Growth of Shia Imami Imaili Community in the Muslim World: An Historical Review(Page-39) Wakhi Language: An Appraisal( Page-63) Wakhi Literature(Page-89) |
| 538 ## - SYSTEM DETAILS NOTE | |
| System details note | Almirha No.44 Shelf No.3 |
| 650 #0 - SUBJECT ADDED ENTRY--TOPICAL TERM | |
| Topical term or geographic name entry element | Wakhi language |
| Geographic subdivision | Pakistan |
| -- | Gilgit-Baltistān. |
| 650 #0 - SUBJECT ADDED ENTRY--TOPICAL TERM | |
| Topical term or geographic name entry element | Wakhi language |
| General subdivision | Social aspects |
| Geographic subdivision | Pakistan |
| -- | Gilgit-Baltistān. |
| 650 #0 - SUBJECT ADDED ENTRY--TOPICAL TERM | |
| Topical term or geographic name entry element | Sociolinguistics |
| Geographic subdivision | Pakistan |
| -- | Gilgit-Baltistān. |
| 710 2# - ADDED ENTRY--CORPORATE NAME | |
| Corporate name or jurisdiction name as entry element | National University of Sciences and Technology (Islāmābād, Pakistan) |
| 906 ## - LOCAL DATA ELEMENT F, LDF (RLIN) | |
| a | 7 |
| b | cbc |
| c | origode |
| d | 3 |
| e | ncip |
| f | 20 |
| g | y-gencatlg |
| 942 ## - ADDED ENTRY ELEMENTS (KOHA) | |
| Source of classification or shelving scheme | |
| Koha item type | Book |
| Withdrawn status | Lost status | Source of classification or shelving scheme | Damaged status | Not for loan | Permanent Location | Current Location | Date acquired | Total Checkouts | Full call number | Barcode | Date last seen | Date last checked out | Price effective from | Koha item type |
|---|---|---|---|---|---|---|---|---|---|---|---|---|---|---|
| School of Mechanical & Manufacturing Engineering (SMME) | School of Mechanical & Manufacturing Engineering (SMME) | 03/20/2017 | 1 | BB-406 | SMME-BB406 | 02/16/2024 | 02/16/2024 | 03/20/2017 | Book |
